[Event "Ch-Paris Int"]
[Site "Coubertin FRA"]
[Date "2009.07.11"]
[Round "8"]
[White "Salaun, Y."]
[Black "Payen, Ar"]
[Result "1/2-1/2"]
[WhiteElo "2329"]
[BlackElo "2368"]
[PlyCount "193"]
[EventDate "2009.07.04"]
[EventType "swiss"]
[EventRounds "9"]
[EventCountry "FRA"]
[Source "Mark Crowther"]
[SourceDate "2009.07.13"]

1. e4 g6 2. d4 Bg7 3. Nc3 c6 4. Nf3 d5 5. h3 dxe4 6. Nxe4 Nf6 7. Nxf6+ exf6 8.
Bc4 O-O 9. O-O Nd7 10. a4 Nb6 11. Bb3 a5 12. Re1 Nd5 13. Bd2 Be6 14. Re2 Qd6
15. c4 Nb4 16. c5 Bxb3 17. Qxb3 Qd5 18. Ra3 b6 19. Bxb4 axb4 20. Qxb4 Rfb8 21.
Qc3 bxc5 22. Qxc5 Bf8 23. Qxd5 cxd5 24. Rae3 Rxa4 25. Re8 Rxe8 26. Rxe8 Rb4 27.
Rd8 Rb5 28. g4 Kg7 29. Rd7 h6 30. h4 g5 31. h5 Bb4 32. Nh2 Be1 33. Kf1 Ba5 34.
b3 Bb6 35. Kg2 Bxd4 36. Nf1 Rxb3 37. Rxd5 Bb6 38. Ng3 Rb2 39. Nf5+ Kh7 40. Rd7
Rxf2+ 41. Kg3 Rxf5 42. gxf5 Kg7 43. Kf3 Bg1 44. Rd8 Bh2 45. Ra8 Be5 46. Ke4 g4
47. Kd5 g3 48. Ra4 Kf8 49. Rg4 Bc7 50. Kc6 Be5 51. Kd7 Bb8 52. Rb4 Ba7 53. Rg4
Bf2 54. Kd6 Be1 55. Kd5 Bf2 56. Kd6 Be1 57. Kc6 Bf2 58. Kd5 Be1 59. Ke4 Bf2 60.
Kf3 Be1 61. Re4 Bf2 62. Re2 Kg7 63. Re8 Kh7 64. Rb8 Kg7 65. Ra8 Kh7 66. Ra6 Kg7
67. Rc6 Be1 68. Rd6 Bc3 69. Rd8 Be1 70. Kg2 Bf2 71. Rc8 Be1 72. Rc6 Bf2 73. Ra6
Be1 74. Ra3 Kf8 75. Kf1 Bf2 76. Ra8+ Kg7 77. Kg2 Kh7 78. Ra4 Kg7 79. Kf3 Kf8
80. Rg4 Be1 81. Ke4 Bf2 82. Kd5 Be1 83. Kc4 Bf2 84. Kd3 Be1 85. Ke2 Bf2 86. Re4
Bc5 87. Kf3 Bf2 88. Rg4 Be1 89. Kg2 Bf2 90. Kf1 Ke7 91. Rg8 Kd6 92. Re8 Kd5 93.
Kg2 Kd4 94. Kf3 Kd5 95. Re7 Kd6 96. Re8 Kd5 97. Rh8 1/2-1/2

[Event "Ch-Paris Int"]
[Site "Coubertin FRA"]
[Date "2009.07.11"]
[Round "8"]
[White "Kazhgaleyev, M."]
[Black "Alsina Leal, D."]
[Result "1-0"]
[WhiteElo "2639"]
[BlackElo "2529"]
[PlyCount "233"]
[EventDate "2009.07.04"]
[EventType "swiss"]
[EventRounds "9"]
[EventCountry "FRA"]
[Source "Mark Crowther"]
[SourceDate "2009.07.13"]

1. e4 c5 2. c3 Nf6 3. e5 Nd5 4. Nf3 d6 5. Bc4 e6 6. d4 cxd4 7. cxd4 Nc6 8. Qe2
Be7 9. O-O O-O 10. Nc3 Nxc3 11. bxc3 dxe5 12. dxe5 Qa5 13. Bd2 Rd8 14. Rfe1 Qa4
15. Bb3 Qg4 16. Bc2 Qh5 17. h3 Bd7 18. Rad1 Be8 19. Kh2 f5 20. exf6 Bxf6 21.
Bb3 Bf7 22. Bxe6 Re8 23. Bxf7+ Qxf7 24. Qb5 Rxe1 25. Rxe1 Rd8 26. a4 h6 27. Re4
a6 28. Qf5 Qd5 29. Qxd5+ Rxd5 30. c4 Rd7 31. Be3 Kf7 32. g4 Rd3 33. c5 Rc3 34.
Nd2 Be7 35. Nc4 Rd3 36. Nb6 Rd1 37. Kg2 Nd8 38. Rc4 Nc6 39. Nc8 Bf8 40. h4 Ke6
41. Re4+ Kf7 42. Rf4+ Ke8 43. h5 Rd8 44. Nb6 Be7 45. Re4 Kf7 46. f4 Rd3 47. Kf1
Rd1+ 48. Ke2 Rb1 49. Nc8 Rb2+ 50. Kf3 Rb3 51. Nxe7 Nxe7 52. Rd4 Rc3 53. Rd7 Ke8
54. Rd6 Ra3 55. Rd4 Rc3 56. Re4 Kf7 57. Rd4 Ke8 58. Ke4 Nc6 59. Rd3 Rc4+ 60.
Kd5 Rxa4 61. Rb3 Ne7+ 62. Ke5 Nc6+ 63. Kd6 Nd8 64. g5 hxg5 65. fxg5 Re4 66. h6
gxh6 67. gxh6 Re7 68. Kd5 Rd7+ 69. Ke4 Kf7 70. Bc1 Kg6 71. Rg3+ Kh7 72. Ke5
Nc6+ 73. Ke6 Re7+ 74. Kf6 Rd7 75. Bf4 Nd8 76. Kf5 Rf7+ 77. Ke4 Ne6 78. Be3
Nxc5+ 79. Bxc5 Kxh6 80. Bd4 b5 81. Ke5 Rf1 82. Ke6 Kh5 83. Bf6 Rf4 84. Ke5 Rg4
85. Ra3 Rg2 86. Rxa6 Kg4 87. Ke4 Re2+ 88. Kd3 Re8 89. Bd4 Rg8 90. Ke4 b4 91.
Ra1 Rg6 92. Rb1 b3 93. Be5 b2 94. Rxb2 Rg5 95. Bf6 Rg6 96. Ke5 Kh5 97. Ke6 Rg1
98. Rb4 Kg6 99. Rb8 Rg4 100. Rh8 Re4+ 101. Be5 Rg4 102. Rh1 Kg5 103. Rf1 Kg6
104. Bf4 Rg2 105. Be3 Rg3 106. Bc1 Rg2 107. Rf6+ Kh5 108. Kf5 Rg5+ 109. Ke4 Rg6
110. Rf1 Kg4 111. Bf4 Re6+ 112. Be5 Rg6 113. Bf6 Kh5 114. Ke5 Kg4 115. Ke6 Kh5
116. Rh1+ Kg4 117. Kf7 1-0

[Event "Ch-Paris Int"]
[Site "Coubertin FRA"]
[Date "2009.07.11"]
[Round "8"]
[White "Rabineau, C."]
[Black "Govciyan, P."]
[Result "1-0"]
[WhiteElo "2263"]
[BlackElo "2438"]
[PlyCount "75"]
[EventDate "2009.07.04"]
[EventType "swiss"]
[EventRounds "9"]
[EventCountry "FRA"]
[Source "Mark Crowther"]
[SourceDate "2009.07.13"]

1. e4 e5 2. Nf3 Nc6 3. Bb5 a6 4. Bxc6 dxc6 5. O-O Be6 6. d4 exd4 7. Nxd4 Bc4 8.
Re1 c5 9. Nb3 Qxd1 10. Rxd1 Be2 11. Re1 Bg4 12. Be3 b6 13. Nc3 O-O-O 14. a4 Ne7
15. a5 c4 16. Nd4 b5 17. f3 Bd7 18. b3 cxb3 19. cxb3 Kb7 20. Rec1 Nc8 21. Nd5
c6 22. Nf4 Na7 23. Nd3 f6 24. Kf2 Bd6 25. Nc5+ Bxc5 26. Rxc5 Rhe8 27. Rac1 Re7
28. g4 Be8 29. b4 Nc8 30. Nxc6 Bxc6 31. Rxc6 Rde8 32. Bb6 Kb8 33. Bc7+ Kb7 34.
Bd6 Rd7 35. Rc7+ Rxc7 36. Rxc7+ Ka8 37. Bc5 Rg8 38. Rf7 1-0

[Event "Ch-Paris Int"]
[Site "Coubertin FRA"]
[Date "2009.07.11"]
[Round "8"]
[White "Suarez Pousa, D."]
[Black "David, Alb"]
[Result "0-1"]
[WhiteElo "2412"]
[BlackElo "2565"]
[PlyCount "72"]
[EventDate "2009.07.04"]
[EventType "swiss"]
[EventRounds "9"]
[EventCountry "FRA"]
[Source "Mark Crowther"]
[SourceDate "2009.07.13"]

1. e4 c5 2. Nc3 e6 3. Nf3 a6 4. d4 cxd4 5. Nxd4 Qc7 6. Bd3 Nf6 7. O-O b5 8. Re1
Bc5 9. Nb3 Bd6 10. h3 Nc6 11. Kh1 Be7 12. f4 d6 13. g4 Bb7 14. g5 Nd7 15. a4 b4
16. Ne2 h6 17. g6 O-O 18. gxf7+ Rxf7 19. Ng3 d5 20. exd5 Na5 21. Nd4 Nf6 22.
Kh2 Bxd5 23. Bg6 Rff8 24. Nxe6 Bxe6 25. Rxe6 Rad8 26. Bd3 Bd6 27. Qf3 b3 28.
Nf5 bxc2 29. Be3 Bxf4+ 30. Bxf4 Rxd3 31. Nxh6+ gxh6 32. Rg1+ Kh8 33. Qf2 c1=Q
34. Rxc1 Qxc1 35. Bxc1 Ng4+ 36. hxg4 Rxf2+ 0-1

[Event "Ch-Paris Int"]
[Site "Coubertin FRA"]
[Date "2009.07.11"]
[Round "8"]
[White "Sochacki, C."]
[Black "Roser, K."]
[Result "1/2-1/2"]
[WhiteElo "2274"]
[BlackElo "2431"]
[PlyCount "126"]
[EventDate "2009.07.04"]
[EventType "swiss"]
[EventRounds "9"]
[EventCountry "FRA"]
[Source "Mark Crowther"]
[SourceDate "2009.07.13"]

1. d4 Nf6 2. c4 e6 3. Nc3 Bb4 4. f3 d5 5. a3 Bxc3+ 6. bxc3 c5 7. cxd5 Nxd5 8.
dxc5 Qa5 9. e4 Nf6 10. Be3 O-O 11. Qb3 Nfd7 12. Qb4 Qc7 13. Bb5 Ne5 14. Rd1
Nbc6 15. Qa4 Bd7 16. Nh3 Rfd8 17. O-O Na5 18. Bd4 Nec4 19. Qb4 Bxb5 20. Qxb5 e5
21. Bf2 Nd2 22. Rfe1 Nac4 23. Kh1 Qc6 24. a4 a6 25. Qxc6 bxc6 26. Re2 Rab8 27.
f4 f6 28. fxe5 fxe5 29. Ng1 Rb1 30. Rxb1 Nxb1 31. Be1 Rd1 32. h3 Rc1 33. Kh2
Nxc3 34. Bxc3 Rxc3 35. Nf3 Ra3 36. Ng5 Rxa4 37. Ne6 Rb4 38. Rf2 Rb8 39. Rc2 Rb4
40. Rf2 Rb8 41. Rc2 Kf7 42. Ng5+ Kf6 43. Nxh7+ Kg6 44. Rxc4 Kxh7 45. Ra4 Rb5
46. Rxa6 Rxc5 47. Ra7 Rc4 48. Rc7 Kg6 49. Kg3 Rxe4 50. Rxc6+ Kf5 51. Rc7 g6 52.
Rf7+ Ke6 53. Rg7 Kf6 54. Ra7 Re2 55. Kf3 Rb2 56. Ra6+ Kf5 57. g4+ Kg5 58. h4+
Kxh4 59. Rxg6 Rb3+ 60. Ke4 Rb4+ 61. Kxe5 Rxg4 62. Rh6+ Kg3 63. Kf5 Rg8 1/2-1/2

[Event "Ch-Paris Int"]
[Site "Coubertin FRA"]
[Date "2009.07.12"]
[Round "9"]
[White "Nijs, N."]
[Black "Guliyev, N."]
[Result "0-1"]
[WhiteElo "2242"]
[BlackElo "2555"]
[PlyCount "108"]
[EventDate "2009.07.04"]
[EventType "swiss"]
[EventRounds "9"]
[EventCountry "FRA"]
[Source "Mark Crowther"]
[SourceDate "2009.07.27"]

1. d4 d5 2. c4 dxc4 3. Nf3 Nf6 4. e3 e6 5. Bxc4 a6 6. Bb3 c5 7. O-O Nbd7 8. Nc3
b5 9. Qe2 Bb7 10. Rd1 Qc7 11. Bc2 b4 12. Na4 cxd4 13. exd4 Bd6 14. Bg5 O-O 15.
Rac1 Qa5 16. Nc5 Nxc5 17. dxc5 Bxc5 18. Bxf6 gxf6 19. Nd4 Bxd4 20. Rxd4 Rfd8
21. Qg4+ Kf8 22. Rxb4 h5 23. Qf4 Qd5 24. f3 Rac8 25. Bb3 Qd7 26. Rxc8 Rxc8 27.
h4 Ke7 28. Rb6 a5 29. Ba4 Qd5 30. Qe3 Kf8 31. Bb3 Qd7 32. Ba4 Qxa4 33. Rxb7
Qxh4 34. Rb3 Kg7 35. Rc3 Rd8 36. Rd3 Rxd3 37. Qxd3 Qe1+ 38. Kh2 h4 39. Qd4 Qg3+
40. Kg1 h3 41. Qg4+ Qxg4 42. fxg4 hxg2 43. Kxg2 Kg6 44. a4 f5 45. Kf2 fxg4 46.
b4 axb4 47. a5 b3 48. a6 b2 49. a7 b1=Q 50. a8=Q Qf5+ 51. Kg1 Qc5+ 52. Kf1 Qc4+
53. Kf2 Qf4+ 54. Ke1 Qe3+ 0-1

[Event "Ch-Paris Int"]
[Site "Coubertin FRA"]
[Date "2009.07.12"]
[Round "9"]
[White "Moussard, J."]
[Black "Payen, Ar"]
[Result "1/2-1/2"]
[WhiteElo "2292"]
[BlackElo "2368"]
[PlyCount "20"]
[EventDate "2009.07.04"]
[EventType "swiss"]
[EventRounds "9"]
[EventCountry "FRA"]
[Source "Mark Crowther"]
[SourceDate "2009.07.27"]

1. e4 c5 2. Nf3 Nc6 3. d4 cxd4 4. Nxd4 Qb6 5. Nb3 Nf6 6. Nc3 e6 7. Be3 Qc7 8.
Bd3 a6 9. O-O Be7 10. f4 d6 1/2-1/2

[Event "Ch-Paris Int"]
[Site "Coubertin FRA"]
[Date "2009.07.12"]
[Round "9"]
[White "Govciyan, P."]
[Black "Salaun, Y."]
[Result "0-1"]
[WhiteElo "2438"]
[BlackElo "2329"]
[PlyCount "52"]
[EventDate "2009.07.04"]
[EventType "swiss"]
[EventRounds "9"]
[EventCountry "FRA"]
[Source "Mark Crowther"]
[SourceDate "2009.07.27"]

1. c4 Nf6 2. Nf3 e6 3. g3 d5 4. d4 c5 5. Nc3 cxd4 6. Nxd4 e5 7. Nf3 d4 8. Nxe5
Qd6 9. Qa4+ Nbd7 10. Nxd7 Bxd7 11. Nb5 Qc6 12. Rg1 a6 13. Bg2 Qc8 14. Bh3 axb5
15. Bxd7+ Nxd7 16. Qxb5 Bc5 17. b4 Be7 18. Bb2 Qc6 19. Bxd4 Qxb5 20. cxb5 Bxb4+
21. Kf1 O-O 22. Kg2 Bc5 23. Bb2 Nb6 24. Rgd1 Rfd8 25. e3 f6 26. Rdc1 Bxe3 0-1

[Event "Ch-Paris Int"]
[Site "Coubertin FRA"]
[Date "2009.07.12"]
[Round "9"]
[White "Akshayraj, K."]
[Black "Sochacki, C."]
[Result "0-1"]
[WhiteElo "2411"]
[BlackElo "2274"]
[PlyCount "79"]
[EventDate "2009.07.04"]
[EventType "swiss"]
[EventRounds "9"]
[EventCountry "FRA"]
[Source "Mark Crowther"]
[SourceDate "2009.07.27"]

1. e4 c5 2. g3 Nc6 3. Bg2 g6 4. f4 Bg7 5. Nf3 e6 6. O-O d5 7. Nc3 Nge7 8. d3
O-O 9. Bd2 a6 10. Qe2 b5 11. a3 Rb8 12. Qf2 Nd4 13. e5 Nxf3+ 14. Bxf3 Qc7 15.
b4 cxb4 16. axb4 f6 17. d4 Bb7 18. Rac1 Ra8 19. Nd1 Qb6 20. Nb2 Nc6 21. exf6
Bxf6 22. c3 Nxb4 23. Rfe1 Na2 24. Ra1 Nxc3 25. Bxc3 Rac8 26. Ba5 Qxd4 27. Re2
g5 28. Rd1 Qxf2+ 29. Kxf2 gxf4 30. g4 e5 31. g5 Bg7 32. Bxd5+ Bxd5 33. Rxd5 e4
34. Nd1 Rc4 35. Bb6 Rb8 36. Ba7 Rb7 37. Rd8+ Kf7 38. Bb8 Rd4 39. Rd2 e3+ 40.
Ke1 0-1

[Event "Ch-Paris Int"]
[Site "Coubertin FRA"]
[Date "2009.07.12"]
[Round "9"]
[White "Satyapragyan, S."]
[Black "Gomes, Mary"]
[Result "1/2-1/2"]
[WhiteElo "2423"]
[BlackElo "2332"]
[PlyCount "65"]
[EventDate "2009.07.04"]
[EventType "swiss"]
[EventRounds "9"]
[EventCountry "FRA"]
[Source "Mark Crowther"]
[SourceDate "2009.07.27"]

1. Nf3 Nf6 2. e3 e6 3. b3 b6 4. Bb2 Bb7 5. c4 Be7 6. Be2 O-O 7. O-O d5 8. d3 c5
9. Nbd2 Nc6 10. a3 a5 11. cxd5 exd5 12. d4 Bd6 13. Ne5 Nd7 14. Nxc6 Bxc6 15.
Nf3 Re8 16. Qc2 Rc8 17. Rad1 Bb7 18. dxc5 bxc5 19. Bb5 Re6 20. Qf5 g6 21. Qh3
Ne5 22. Nxe5 Bxe5 23. Bxe5 Rxe5 24. f4 Re6 25. f5 Rb6 26. fxg6 hxg6 27. a4 Qe7
28. Rf4 Rc7 29. Rdf1 Qe6 30. Qg3 Re7 31. Kh1 Ba6 32. Bxa6 Rxa6 33. h4 1/2-1/2

[Event "Ch-Paris Int"]
[Site "Coubertin FRA"]
[Date "2009.07.12"]
[Round "9"]
[White "Zherebukh, Y."]
[Black "Sriram, J."]
[Result "1/2-1/2"]
[WhiteElo "2541"]
[BlackElo "2459"]
[PlyCount "66"]
[EventDate "2009.07.04"]
[EventType "swiss"]
[EventRounds "9"]
[EventCountry "FRA"]
[Source "Mark Crowther"]
[SourceDate "2009.07.27"]

1. e4 e5 2. Nf3 Nc6 3. Bb5 a6 4. Ba4 Nf6 5. O-O Be7 6. Re1 b5 7. Bb3 d6 8. c3
O-O 9. h3 Nb8 10. d4 Nbd7 11. Nbd2 Bb7 12. Bc2 Re8 13. a4 Bf8 14. Bd3 c6 15. b3
g6 16. Bb2 Bg7 17. Qc2 Qc7 18. c4 bxa4 19. c5 axb3 20. Nxb3 dxc5 21. dxe5 Nh5
22. Nxc5 Nxe5 23. Nxe5 Bxe5 24. Bc4 Bc8 25. Nd3 Bxb2 26. Qxb2 Nf4 27. Nxf4 Qxf4
28. Qb6 Rb8 29. Qxc6 Bb7 30. Qd7 Rxe4 31. Rxe4 Bxe4 32. Qd4 Qf5 33. Bxa6 Qd5
1/2-1/2

[Event "Ch-Paris Int"]
[Site "Coubertin FRA"]
[Date "2009.07.12"]
[Round "9"]
[White "Vernay, C."]
[Black "Nesterovsky, A."]
[Result "1-0"]
[WhiteElo "2463"]
[BlackElo "2271"]
[PlyCount "177"]
[EventDate "2009.07.04"]
[EventType "swiss"]
[EventRounds "9"]
[EventCountry "FRA"]
[Source "Mark Crowther"]
[SourceDate "2009.07.27"]

1. d4 Nf6 2. c4 g6 3. Nc3 d5 4. cxd5 Nxd5 5. e4 Nxc3 6. bxc3 c5 7. Bc4 Bg7 8.
Ne2 O-O 9. O-O Nc6 10. Be3 Na5 11. Bd3 b6 12. f4 cxd4 13. cxd4 Bg4 14. Ba6 Bc8
15. Bd3 Bg4 16. h3 Bxe2 17. Bxe2 Rc8 18. Qa4 Rc3 19. Bf2 Qc7 20. e5 e6 21. Be1
Rc1 22. Bd2 Rxa1 23. Rxa1 Qc6 24. Bb5 Qe4 25. Re1 Qd5 26. Rc1 Rd8 27. Be3 Qe4
28. Kf2 g5 29. fxg5 a6 30. Bc6 Qh4+ 31. g3 Qxh3 32. Be4 Qg4 33. Bf3 Qf5 34. Qb4
Bf8 35. Qxb6 Be7 36. Qxa5 Bxg5 37. Qd2 h6 38. Bxg5 hxg5 39. g4 Qxe5 40. dxe5
Rxd2+ 41. Ke3 Rxa2 42. Rc4 Ra3+ 43. Kf2 Ra5 44. Re4 Kg7 45. Be2 Ra3 46. Bd1 a5
47. Ra4 Rd3 48. Bf3 Rb3 49. Rxa5 Rc3 50. Ra4 Rb3 51. Re4 Ra3 52. Re3 Ra5 53.
Be2 Kf8 54. Bc4 Ra4 55. Re4 Ra3 56. Ke2 Ke7 57. Bd3 Ra5 58. Bc4 Ra3 59. Re3 Ra4
60. Kd3 Ra1 61. Kd4 Rd1+ 62. Bd3 Rc1 63. Rh3 Rc8 64. Rh5 Rd8+ 65. Kc4 Rc8+ 66.
Kb4 Rb8+ 67. Bb5 Rg8 68. Kc5 Rd8 69. Bc6 Rg8 70. Rh7 Rb8 71. Rg7 Kf8 72. Rxg5
Rb1 73. Kd4 Rb4+ 74. Ke3 Rb3+ 75. Kf4 Rb1 76. Rh5 Rf1+ 77. Bf3 Kg7 78. Rh1 Rf2
79. g5 Rb2 80. Rg1 Rb4+ 81. Be4 Ra4 82. g6 fxg6 83. Rxg6+ Kf7 84. Rh6 Rb4 85.
Rh4 Rb5 86. Rh7+ Kf8 87. Kg5 Kg8 88. Kf6 Rb4 89. Rh4 1-0

[Event "Ch-Paris Int"]
[Site "Coubertin FRA"]
[Date "2009.07.12"]
[Round "9"]
[White "Sethuraman, S."]
[Black "Suarez Pousa, D."]
[Result "1/2-1/2"]
[WhiteElo "2455"]
[BlackElo "2412"]
[PlyCount "95"]
[EventDate "2009.07.04"]
[EventType "swiss"]
[EventRounds "9"]
[EventCountry "FRA"]
[Source "Mark Crowther"]
[SourceDate "2009.07.27"]

1. e4 e5 2. Nf3 Nc6 3. Bb5 a6 4. Ba4 Nf6 5. O-O b5 6. Bb3 Bc5 7. a4 Rb8 8. c3
O-O 9. d4 Bb6 10. dxe5 Ng4 11. Bf4 Qe8 12. a5 Nxa5 13. Rxa5 Bxa5 14. h3 Nh6 15.
Qd2 Rb6 16. Be3 Bb7 17. Bd5 Bxd5 18. Bxb6 Bxb6 19. exd5 f6 20. exf6 Rxf6 21.
Re1 Qf7 22. Qd3 Rf5 23. d6 c6 24. Re7 Qd5 25. Qxd5+ Rxd5 26. Ne5 Rd1+ 27. Kh2
g6 28. Re8+ Kg7 29. Re7+ Kg8 30. Rxd7 Nf5 31. g4 Nxd6 32. Na3 Rd2 33. Kh1 Bxf2
34. Nf3 Rd5 35. Rc7 c5 36. Kg2 Be3 37. Rd7 Bc1 38. Nc2 a5 39. b3 Bf4 40. Na3 b4
41. Nb5 c4 42. Nc7 Rd1 43. Ne8 bxc3 44. Nf6+ Kf8 45. Nxh7+ Ke8 46. Nf6+ Kf8 47.
Nh7+ Ke8 48. Nf6+ 1/2-1/2

[Event "Ch-Paris Int"]
[Site "Coubertin FRA"]
[Date "2009.07.12"]
[Round "9"]
[White "Roser, K."]
[Black "Li, F."]
[Result "1-0"]
[WhiteElo "2431"]
[BlackElo "2252"]
[PlyCount "79"]
[EventDate "2009.07.04"]
[EventType "swiss"]
[EventRounds "9"]
[EventCountry "FRA"]
[Source "Mark Crowther"]
[SourceDate "2009.07.27"]

1. e4 e5 2. Nf3 Nc6 3. Bb5 a6 4. Ba4 Nf6 5. O-O b5 6. Bb3 Bc5 7. a4 Rb8 8. c3
d6 9. d4 Bb6 10. axb5 axb5 11. Qd3 O-O 12. Bg5 h6 13. Bxf6 Qxf6 14. Qxb5 Bb7
15. Bd5 Na7 16. Qd3 Nc6 17. dxe5 dxe5 18. Nbd2 Rfd8 19. Qe2 Ne7 20. Bxb7 Rxb7
21. Nc4 Ng6 22. g3 Qe6 23. Rfe1 f6 24. Nfd2 Qh3 25. Qf1 Qe6 26. Red1 Kh7 27.
Qe2 Qh3 28. Nf1 Rf8 29. Nfe3 Bxe3 30. Nxe3 Qe6 31. b4 Ne7 32. Ra5 c6 33. Qc4
Qh3 34. Qc5 Rc8 35. Ra7 Rcc7 36. Rd6 Qh5 37. Kg2 Qe2 38. Qc4 Qb2 39. Qa6 Rb5
40. Rd7 1-0

[Event "Ch-Paris Int"]
[Site "Coubertin FRA"]
[Date "2009.07.12"]
[Round "9"]
[White "David, Alb"]
[Black "Shirazi, K."]
[Result "1/2-1/2"]
[WhiteElo "2565"]
[BlackElo "2384"]
[PlyCount "50"]
[EventDate "2009.07.04"]
[EventType "swiss"]
[EventRounds "9"]
[EventCountry "FRA"]
[Source "Mark Crowther"]
[SourceDate "2009.07.27"]

1. e4 c5 2. Nf3 e6 3. Nc3 a6 4. d4 b5 5. dxc5 Bxc5 6. Bd3 d6 7. O-O Nd7 8. Qe2
Ngf6 9. a3 Bb7 10. b4 Ba7 11. a4 Qc7 12. Bd2 bxa4 13. Rxa4 O-O 14. Bxa6 Bc6 15.
Raa1 d5 16. exd5 exd5 17. b5 Rae8 18. bxc6 Rxe2 19. Bxe2 Bxf2+ 20. Rxf2 Qxc6
21. Kh1 Ne4 22. Nxe4 dxe4 23. Nd4 Qc5 24. c3 e3 25. Rf5 Ne5 1/2-1/2

[Event "Ch-Paris Int"]
[Site "Coubertin FRA"]
[Date "2009.07.12"]
[Round "9"]
[White "Rathnakaran, K."]
[Black "Skripchenko, A."]
[Result "0-1"]
[WhiteElo "2428"]
[BlackElo "2450"]
[PlyCount "70"]
[EventDate "2009.07.04"]
[EventType "swiss"]
[EventRounds "9"]
[EventCountry "FRA"]
[Source "Mark Crowther"]
[SourceDate "2009.07.27"]

1. e4 c5 2. Nf3 Nc6 3. Bb5 e6 4. O-O Nge7 5. Re1 a6 6. Bf1 d5 7. d3 g6 8. Be3
Bg7 9. Qc1 Nd4 10. Nbd2 h6 11. c3 Nxf3+ 12. Nxf3 d4 13. cxd4 cxd4 14. Bf4 Nc6
15. e5 g5 16. Bg3 Qd5 17. Re4 b5 18. Nxd4 Nxd4 19. Rxd4 Qxd4 20. Qc6+ Ke7 21.
Qxa8 Bxe5 22. Bxe5 Qxe5 23. Qa7+ Bd7 24. Rc1 Qd6 25. Rc7 Rd8 26. h3 Kf6 27. Rb7
Be8 28. Rb6 Qe5 29. b3 Rc8 30. d4 Qe1 31. Rb8 Rc1 32. Rxe8 Qxf1+ 33. Kh2 Qxf2
34. Qe7+ Kg6 35. Rg8+ Kh5 0-1

[Event "Ch-Paris Int"]
[Site "Coubertin FRA"]
[Date "2009.07.12"]
[Round "9"]
[White "Bergez, L."]
[Black "Karavade, E."]
[Result "1/2-1/2"]
[WhiteElo "2371"]
[BlackElo "2386"]
[PlyCount "67"]
[EventDate "2009.07.04"]
[EventType "swiss"]
[EventRounds "9"]
[EventCountry "FRA"]
[Source "Mark Crowther"]
[SourceDate "2009.07.27"]

1. d4 Nf6 2. c4 g6 3. Nc3 d5 4. cxd5 Nxd5 5. g3 Bg7 6. Bg2 Nb6 7. Nf3 O-O 8.
O-O Nc6 9. d5 Na5 10. e4 c6 11. Nd4 cxd5 12. exd5 Nac4 13. Re1 Bd7 14. a4 a6
15. b3 Nd6 16. Ba3 Rc8 17. Qd2 Re8 18. Bb4 Nf5 19. Nxf5 Bxf5 20. d6 Qd7 21. Qe3
exd6 22. Qxb6 Bxc3 23. Bxc3 Rxc3 24. Rxe8+ Qxe8 25. Qxb7 Qe5 26. Rd1 Be6 27. b4
Rb3 28. a5 Kg7 29. Qb6 Bc4 30. Bb7 Rd3 31. Rc1 Rc3 32. Rd1 Rd3 33. Rc1 Rc3 34.
Rd1 1/2-1/2